00398 2200145 4500001002100000005001500021035002000036245010600056100001800162300001200180260002600192082000800218084001400226990001200240INLIS00000000000181620250506113655 a0010-05250001081 aAneka Rasa Kue Lezat :bCara Praktis Membuat Kue Basah dan Kue Kering Kegemaran Anda /cSiti Zubaidah0 aSiti Zubaidah a128 hlm aSurabaya :bDua Media a600 a600 SIT a a0754740